[Event "GER-ch Net Amateur Gr-C Final"]
[Site "Playchess.com INT"]
[Date "2020.04.18"]
[Round "9"]
[White "Fleischmann, Theo"]
[Black "Rest, Philipp"]
[Result "1-0"]
[WhiteElo "1591"]
[BlackElo "1384"]
[PlyCount "57"]
[EventDate "2020.04.18"]
[EventType "swiss (blitz)"]
[EventRounds "13"]
[EventCountry "GER"]
[SourceTitle "CBM 195 Extra"]
[Source "ChessBase"]
[SourceDate "2020.05.31"]
[SourceVersion "1"]
[SourceVersionDate "2020.05.31"]
[SourceQuality "1"]

1. d4 g6 2. c4 Bg7 3. Nc3 d6 4. e4 e5 5. d5 f5 6. g3 Nf6 7. Bg5 0-0 8. h4 Na6 9. h5 Nc5 10. hxg6 hxg6 11. Bg2 a6 12. b4 Ncd7 13. Nf3 c5 14. dxc6 bxc6 15. Qxd6 Nb8 16. Qxe5 Qd3 17. Rd1 Qxc4 18. exf5 Bxf5 19. Bxf6 Bxf6 20. Qd6 Qxc3+ 21. Kf1 Qc4+ 22. Kg1 Nd7 23. Nh4 Bg4 24. Nxg6 Kg7 25. Ne7 Bxe7 26. Qxe7+ Rf7 27. Qg5+ Kf8 28. Re1 Ne5 29. Rh8# 1-0

[Event "GER-ch Net Amateur Gr-C Final"]
[Site "Playchess.com INT"]
[Date "2020.04.18"]
[Round "1"]
[White "Hartmann, Lasse Elias"]
[Black "Rest, Philipp"]
[Result "1-0"]
[WhiteElo "1580"]
[BlackElo "1384"]
[PlyCount "113"]
[EventDate "2020.04.18"]
[EventType "swiss (blitz)"]
[EventRounds "13"]
[EventCountry "GER"]
[SourceTitle "CBM 195 Extra"]
[Source "ChessBase"]
[SourceDate "2020.05.31"]
[SourceVersion "1"]
[SourceVersionDate "2020.05.31"]
[SourceQuality "1"]

1. e4 g6 2. d4 Bg7 3. Nf3 d6 4. Nc3 e5 5. dxe5 Bxe5 6. Nxe5 dxe5 7. Qxd8+ Kxd8 8. Bg5+ f6 9. 0-0-0+ Nd7 10. Be3 Ne7 11. Bc4 b6 12. Rd2 Bb7 13. f3 Rf8 14. Rhd1 Bc6 15. Be6 Nc8 16. Bxd7 Bxd7 17. Rxd7+ Ke8 18. Rd8+ Ke7 19. Rxf8 Kxf8 20. Rd7 Nd6 21. Bh6+ Ke8 22. Rxc7 Rc8 23. Rxc8+ Nxc8 24. Nd5 Kd7 25. Nxf6+ Ke6 26. Nxh7 Nd6 27. Ng5+ Kd7 28. Bg7 Nc4 29. b3 Ne3 30. g3 Kd6 31. Nf7+ Kc6 32. Nxe5+ Kc5 33. Nd7+ Kc6 34. Ne5+ Kc5 35. Nd3+ Kb5 36. Bd4 Ng2 37. c4+ Kc6 38. e5 a5 39. Kd2 g5 40. Ke2 b5 41. cxb5+ Kxb5 42. Kf2 a4 43. Kxg2 axb3 44. axb3 g4 45. e6 gxf3+ 46. Kxf3 Ka5 47. e7 Ka6 48. e8Q Kb7 49. Qe7+ Kc6 50. Qd8 Kb7 51. Ba1 Kc6 52. Ke4 Kb5 53. Qc8 Ka5 54. Qb8 Ka6 55. Kd5 Ka5 56. Kc6 Ka6 57. Qb6# 1-0

[Event "GER-ch Net Amateur Gr-C Vor3"]
[Site "Playchess.com INT"]
[Date "2020.04.16"]
[Round "9"]
[White "Kilius, Anastasios"]
[Black "Rest, Philipp"]
[Result "0-1"]
[WhiteElo "1405"]
[BlackElo "1353"]
[PlyCount "32"]
[EventDate "2020.04.16"]
[EventType "swiss (blitz)"]
[EventRounds "9"]
[EventCountry "GER"]
[SourceTitle "CBM 195 Extra"]
[Source "ChessBase"]
[SourceDate "2020.05.31"]
[SourceVersion "1"]
[SourceVersionDate "2020.05.31"]
[SourceQuality "1"]

1. b4 g6 2. Bb2 Nf6 3. c4 Bg7 4. g4 0-0 5. Bg2 Nxg4 6. Bxg7 Kxg7 7. h3 Nf6 8. h4 Nc6 9. b5 Ne5 10. d3 Rb8 11. Nf3 d6 12. Nxe5 dxe5 13. Nc3 Qd4 14. Ne4 Ng4 15. f3 Ne3 16. Rg1 Nxd1 0-1

[Event "GER-ch Net Amateur Gr-C Vor3"]
[Site "Playchess.com INT"]
[Date "2020.04.16"]
[Round "3"]
[White "Rest, Philipp"]
[Black "Schroeder, Jan Hendrik"]
[Result "0-1"]
[WhiteElo "1384"]
[BlackElo "1517"]
[PlyCount "74"]
[EventDate "2020.04.16"]
[EventType "swiss (blitz)"]
[EventRounds "9"]
[EventCountry "GER"]
[SourceTitle "CBM 195 Extra"]
[Source "ChessBase"]
[SourceDate "2020.05.31"]
[SourceVersion "1"]
[SourceVersionDate "2020.05.31"]
[SourceQuality "1"]

1. c4 c5 2. g3 d6 3. Bg2 Nf6 4. Nc3 g6 5. Nf3 Bg7 6. 0-0 Nc6 7. d3 Bg4 8. e4 Nd4 9. h3 Nxf3+ 10. Bxf3 Bxh3 11. Kh2 Bd7 12. Kg2 0-0 13. Bg5 h6 14. Bxf6 Bxf6 15. Rb1 Kh7 16. Nd5 Rh8 17. Nxf6+ exf6 18. Qd2 Kg7 19. g4 Qc8 20. Kg3 h5 21. gxh5 gxh5 22. Rh1 Bg4 23. Bxg4 Qxg4+ 24. Kh2 Kf8 25. Rhg1 Qh4+ 26. Kg2 Qg4+ 27. Kf1 Qd7 28. Qc3 Ke7 29. Re1 h4 30. d4 cxd4 31. Qxd4 h3 32. Re3 h2 33. Rh1 Rh3 34. Kg2 Qg4+ 35. Rg3 Rxg3+ 36. fxg3 Qe2+ 37. Kh3 Rh8# 0-1

[Event "GER-ch Net Amateur Gr-C Vor1"]
[Site "Playchess.com INT"]
[Date "2020.04.14"]
[Round "7"]
[White "Dohm Acker, Erwin"]
[Black "Rest, Philipp"]
[Result "0-1"]
[WhiteElo "1245"]
[BlackElo "1620"]
[PlyCount "86"]
[EventDate "2020.04.14"]
[EventType "swiss (blitz)"]
[EventRounds "9"]
[EventCountry "GER"]
[SourceTitle "CBM 196 Extra"]
[Source "ChessBase"]
[SourceDate "2020.07.31"]
[SourceVersion "1"]
[SourceVersionDate "2020.07.31"]
[SourceQuality "1"]

1. Nf3 Nf6 2. d4 d6 3. b4 Nc6 4. a3 Bg4 5. e3 g6 6. h3 Be6 7. c4 Bg7 8. Bb2 d5 9. c5 0-0 10. Bd3 Ne4 11. Bxe4 dxe4 12. Nfd2 f5 13. f4 Bf7 14. 0-0 Qd5 15. Qe2 a6 16. Nc3 Qd8 17. Rfd1 a5 18. b5 Na7 19. a4 b6 20. c6 Nc8 21. Ba3 Nd6 22. Rac1 Qc8 23. Bxd6 exd6 24. Qf1 Qe6 25. Ne2 Qe7 26. Rc2 Be6 27. Rb1 Qf7 28. Rbc1 Bb3 29. Rc3 Bxa4 30. Rb1 Rfe8 31. Ra3 Bc2 32. Rc1 Bd3 33. Qd1 Bxe2 34. Qxe2 Bf8 35. Nc4 d5 36. Ne5 Qe7 37. Qa2 Qxa3 38. Qxa3 Bxa3 39. Nd7 Bxc1 40. Kf2 Red8 41. Kg3 a4 42. Ne5 a3 43. Nxg6 hxg6 0-1

[Event "GER-ch Net Amateur Gr-C Vor1"]
[Site "Playchess.com INT"]
[Date "2020.04.14"]
[Round "2"]
[White "Rest, Philipp"]
[Black "Grunwald, Guenther"]
[Result "1/2-1/2"]
[WhiteElo "1620"]
[BlackElo "1620"]
[PlyCount "128"]
[EventDate "2020.04.14"]
[EventType "swiss (blitz)"]
[EventRounds "9"]
[EventCountry "GER"]
[SourceTitle "CBM 196 Extra"]
[Source "ChessBase"]
[SourceDate "2020.07.31"]
[SourceVersion "1"]
[SourceVersionDate "2020.07.31"]
[SourceQuality "1"]

1. c4 e5 2. g3 f5 3. Bg2 Nf6 4. Nc3 c6 5. Nf3 e4 6. Ne5 Bd6 7. f4 0-0 8. 0-0 Qe7 9. d3 Bxe5 10. fxe5 Qxe5 11. Bf4 Qe8 12. Re1 Kh8 13. Rb1 Nh5 14. Be3 exd3 15. exd3 Qf7 16. Bc5 Re8 17. Rxe8+ Qxe8 18. Bf3 Nf6 19. Qd2 b6 20. Re1 Qf7 21. Bd4 Na6 22. Bxf6 gxf6 23. Qe2 Nc5 24. Qe8+ Qxe8 25. Rxe8+ Kg7 26. Re7+ Kg6 27. d4 Nd3 28. Ne2 Nxb2 29. Nf4+ Kh6 30. h3 Nxc4 31. g4 Nd2 32. Bg2 Ba6 33. Rxd7 Rg8 34. Kf2 Ne4+ 35. Kf3 Rg7 36. Rd8 Bc4 37. a4 Nd2+ 38. Ke3 Nb3 39. Kf3 Bd5+ 40. Kg3 Nxd4 41. Bxd5 cxd5 42. Rxd5 Nb3 43. Rd6 Nc5 44. Rxf6+ Kg5 45. Rc6 Ne4+ 46. Kf3 Rd7 47. Ne6+ Kf6 48. Nf8+ Ke7 49. Nxd7 Kxd7 50. Rh6 fxg4+ 51. Kxe4 gxh3 52. Rxh3 Kc6 53. Rxh7 a6 54. Kd4 b5 55. axb5+ axb5 56. Rh5 Kb6 57. Kc3 Ka5 58. Rh4 Kb6 59. Rb4 Kc5 60. Rb3 Kb6 61. Kd4 Kc6 62. Rb4 Kb6 63. Kd5 Ka5 64. Rxb5+ Kxb5 1/2-1/2

[Event "GER-ch Net Amateur Gr-C Vor1"]
[Site "Playchess.com INT"]
[Date "2020.04.14"]
[Round "8"]
[White "Rest, Philipp"]
[Black "Winkler, Andreas"]
[Result "0-1"]
[WhiteElo "1620"]
[BlackElo "1516"]
[PlyCount "118"]
[EventDate "2020.04.14"]
[EventType "swiss (blitz)"]
[EventRounds "9"]
[EventCountry "GER"]
[SourceTitle "CBM 196 Extra"]
[Source "ChessBase"]
[SourceDate "2020.07.31"]
[SourceVersion "1"]
[SourceVersionDate "2020.07.31"]
[SourceQuality "1"]

1. c4 Nf6 2. g3 g6 3. Bg2 Bg7 4. Nf3 0-0 5. 0-0 Nc6 6. d3 d6 7. Nc3 Bd7 8. e4 e5 9. Be3 Qc8 10. Rb1 Bh3 11. b4 Bxg2 12. Kxg2 Ng4 13. h3 Nxe3+ 14. fxe3 Ne7 15. Nd5 Nxd5 16. cxd5 b5 17. Rc1 a5 18. Rc2 axb4 19. Qc1 c5 20. dxc6 Qc7 21. d4 Ra6 22. d5 Bh6 23. Ne1 Ra3 24. Rf3 f6 25. Qb2 Rxe3 26. Rxe3 Bxe3 27. Qxb4 Rb8 28. Re2 Bc5 29. Qd2 Kg7 30. Nd3 Bd4 31. Nb4 Rb6 32. Kf3 Bc5 33. Nc2 Qa7 34. Ne1 Qa3+ 35. Kg2 Bb4 36. Qe3 Qxe3 37. Rxe3 Bc5 38. Rc3 Rb8 39. Nc2 Rc8 40. Na3 b4 41. Rb3 bxa3 42. Rb7+ Kh6 43. c7 f5 44. exf5 gxf5 45. Kf3 Kg6 46. g4 e4+ 47. Ke2 f4 48. h4 f3+ 49. Ke1 e3 50. h5+ Kg5 51. Rb3 Kxg4 52. h6 Kg3 53. Kf1 e2+ 54. Ke1 Bf2+ 55. Kd2 e1Q+ 56. Kd3 Qe3+ 57. Kc4 Rxc7+ 58. Kb5 Qc5+ 59. Ka6 Ra7# 0-1